000 00356nam a2200145Ia 4500
005 20250509070450.0
008 240331s9999 xx 000 0 und d
082 _bMAU
_a891
100 _aMaunaguru, S
245 0 _aSakthi pirakkuthu
260 _aColombo
_bWomen's Education And Research Centre
_c1997
300 _a75 p .,
650 _aDrama
942 _cL
999 _c4214
_d4214